000 00736nam a22002297a 4500
005 20150311124614.0
008 140714b xxu||||| |||| 00| 0 Urdu d
010 _aUR-8721
020 q _c300.00.
035 _aU-7276
037 _bDBAD/Pub.
040 _aDPL
_bUrdu
082 _a841
100 _aمر تب :جا و يد يز د انی
110 _b-
245 _a‎کو ثر صد يقی کی ر با عی گو ئ
_cمر تب :جا و يد يز د انی
246 _aKausar Siddiqui ki Rubaai Goyee
_bComp. By Javed Yezdani
260 _aد ھلی
_bJaved Yezdani
_c2013
270 _a36,Chowki Talaiya, Bhopal
_bBhopal
_e462001
300 _a360ص
_c22Cm (Hb)
942 _2ddc
_cUR
_e
_h841
_mص د ی
999 _c92198
_d92198